Statistics for Five Countries with Most Christians by Continent

Click here to take the quiz!

General Stats

  • This quiz has been taken 37,591 times
    (20,575 since last reset)
  • The average score is 27 of 30

Answer Stats

Continent # Country % Correct
North America234 mUnited States
99%
North America25 mCanada
98%
North America122 mMexico
98%
Europe40 mUnited Kingdom
97%
South America191 mBrazil
97%
Europe39 mFrance
97%
Oceania13 mAustralia
97%
Asia20 mRussia
96%
Europe69 mRussia
96%
Europe47 mGermany
96%
Africa47 mSouth Africa
95%
South America40 mArgentina
95%
Europe49 mItaly
95%
Oceania2.3 mNew Zealand
95%
Asia43 mChina
94%
South America46 mColombia
92%
Asia31 mIndia
91%
South America29 mPeru
90%
South America29 mVenezuela
88%
Africa99 mNigeria
88%
Africa80 mD.R. Congo
81%
Oceania8.3 mPapua New Guinea
80%
Oceania0.59 mFiji
80%
Asia27 mIndonesia
79%
Asia92 mPhilippines
79%
North America15 mGuatemala
77%
Africa71 mEthiopia
76%
Africa44 mKenya
74%
North America9.1 mDominican Republic
67%
Oceania0.58 mSolomon Islands
64%

Score Distribution

Percentile by Number Answered

Percent of People with Each Score

Your Score History

You have not taken this quiz since the last reset